Diccionario del cristianismo
Saved in:
| Main Authors: | , , |
|---|---|
| Format: | Bog |
| Sprog: | spansk |
| Udgivet: |
Barcelona
Herder
1974
|
| Fag: | |
| Tags: |
Tilføj Tag
Ingen Tags, Vær først til at tagge denne postø!
|
MARC
| LEADER | 00000nam a2200000 a 4500 | ||
|---|---|---|---|
| 001 | UCZ5559 | ||
| 003 | CL-VaPUC | ||
| 008 | 951124e19740000SP |||||||||||||||||spa|d | ||
| 082 | 0 | 4 | |a 203 |b LAB |2 21 |
| 100 | 0 | |a La Brosse, Olivier de |e author |9 349643 | |
| 700 | 0 | |a Henry, Antonin-Marie |e author |9 349644 | |
| 700 | 0 | |a Rouillard, Philippe |e author |9 349645 | |
| 245 | 1 | 0 | |a Diccionario del cristianismo |
| 300 | |a 1101 p | ||
| 942 | |c BK | ||
| 945 | |d 19951124 00:00:00 |a aalvarez | ||
| 260 | |a Barcelona |b Herder |c 1974 | ||
| 650 | 0 | |a Cristianismo |9 257361 | |
| 650 | 0 | |a Diccionarios |9 256200 | |
| 583 | |a last modification |c 19951124 00:00:00 |k Rodrigo Vera | ||
| 999 | |c 241855 |d 241853 | ||
| 952 | |0 0 |1 0 |4 0 |6 203_000000000000000_LAB_1974 |7 0 |8 F |9 254373 |a BIBTEO |b BIBTEO |d 2019-11-19 |i 2020963 |o 203 LAB 1974 |p 2020963 |r 2025-01-17 |w 2019-11-19 |y BK_F |k ICR | ||
| 952 | |0 0 |1 0 |4 0 |6 203_000000000000000_LAB_1974 |7 0 |8 F |9 254374 |a BIBTEO |b BIBTEO |d 2019-11-19 |i 2021226 |o 203 LAB 1974 |p 2021226 |r 2025-01-17 |w 2019-11-19 |y BK_F |k ICR | ||